000 00559nam a2200229Ia 4500
003 OSt
005 20220924153210.0
006 a|||||r|||| 00| 0
007 ta
008 220923b |||||||| |||| 00| 0 guj d
024 _a347194
037 _cTextual
040 _aARTS
_cARTS
_bguj
041 _2guj
_aguj
082 _aO156,6:g, L8
100 _aSheth R.R. Au.
_9228285
245 0 _aIshika
260 _c1978
650 _aGUJRATI LITERATURE
942 _hO156,6:g, L8
_cTEXL
_2CC
999 _c472680
_d472680